Role univerzit v regionálním rozvoji: ČR a jižní Morava v kontextu EU

Dlhodobé efekty pôsobenia univerzít v kontexte inštitucionálych prístupov k regionálnemu rozvoju. Koncept Triple (Quadraple) Helix a rola univerzít. Schematické znázornenie modelu „Triple Helix“. Vývoj podpory inovačného prostredia univerzít v ČR a v Juhomoravskom kraji: rola inštitúcií. Celkové výd...

Ausführliche Beschreibung

Gespeichert in:
Bibliographische Detailangaben
1. Verfasser: Ptáček, Pavel
Format: Buchkapitel
Sprache:Tschechisch
Schlagworte:
Tags: Tag hinzufügen
Keine Tags, Fügen Sie das erste Tag hinzu!

MARC

LEADER 00000nla a2200000 4500
001 0246031
005 20240417075140.7
041 0 |a cze 
044 |a CZ 
245 1 0 |a Role univerzit v regionálním rozvoji: ČR a jižní Morava v kontextu EU  |c Pavel Ptáček 
520 |a Dlhodobé efekty pôsobenia univerzít v kontexte inštitucionálych prístupov k regionálnemu rozvoju. Koncept Triple (Quadraple) Helix a rola univerzít. Schematické znázornenie modelu „Triple Helix“. Vývoj podpory inovačného prostredia univerzít v ČR a v Juhomoravskom kraji: rola inštitúcií. Celkové výdavky na výskum a vývoj v Juhomoravskom kraji podľa sektora financovania (2005-2015). Obdobie 2007-2013: budovanie robustnej inovačnej infraštruktúry a nezastupiteľná úloha univerzít. 
610 2 0 |a rozvoj regionálny 
610 2 0 |a regióny 
610 2 0 |a kraje 
610 2 0 |a univerzity 
610 2 0 |a financie 
610 2 0 |a výdavky 
610 2 0 |a výskum 
610 2 0 |a vývoj 
610 2 0 |a Česko 
100 1 |a Ptáček, Pavel